| 000 | 00965nam a22002777a 4500 | ||
|---|---|---|---|
| 001 | 9613 | ||
| 003 | FISKH | ||
| 005 | 20260128102151.0 | ||
| 008 | 260126b cb ||||| |||| 00| 0 eng d | ||
| 040 |
_aFISKH _beng _cFISKH _dFISKH |
||
| 050 | _aPR6068 .O93 | ||
| 082 | _a823.914 | ||
| 100 | _aRowling , J. K. | ||
| 245 |
_aHarry Potter and the chamber of secrets / _cBy J. K. Rowling |
||
| 260 |
_aLondon : _bBloomsbury Children's Books , _c1998. |
||
| 300 |
_a359 pages : _billustrations ; _c20 cm . |
||
| 490 |
_aHarry Potter _v2 |
||
| 505 | _aZ | ||
| 520 | _aWhen the Chamber of Secrets is opened again at the Hogwarts School for Witchcraft and Wizardry, second-year student Harry Potter finds himself in danger from a dark power that has once more been released on the school. | ||
| 521 | 8 |
_a940
_bLexile |
|
| 521 | 8 |
_aZ
_bRaz-Plus |
|
| 650 |
_aFantasy _vFiction |
||
| 650 |
_aMagic _vFiction |
||
| 942 |
_2ddc _cBK _n0 |
||
| 999 |
_c9613 _d9613 |
||